| 000 | 01180nam a22003617a 4500 | ||
|---|---|---|---|
| 003 | CHAP | ||
| 005 | 20220329140647.0 | ||
| 008 | 971013s1983 r 00010 d | ||
| 010 | _a55552 | ||
| 011 | _a56524 | ||
| 035 | _a60677 | ||
| 040 | _cCHAP | ||
| 082 |
_a632.9 _bS2 1983 |
||
| 100 | 0 | 0 |
_aScopes, Nigel. _9103360 |
| 245 | _aPest and disease control handbook | ||
| 250 | _a2 ed. | ||
| 260 |
_aLondon : _bBritish Crop Protection Council, _c1983 |
||
| 300 | _a693 p. | ||
| 590 |
_aBATCH-UPD _b10 _c20130110 _lUCH01 _h0453 |
||
| 590 |
_aBATCH-UPD _b10 _c20130110 _lUCH01 _h2246 |
||
| 590 |
_aCONVERSION _b10 _c20130109 _lUCH01 _h1330 |
||
| 650 | 1 | 4 |
_aControl de plagas. _927595 |
| 650 | 1 | 4 |
_aCultivos _xEnfermedades. _930262 |
| 650 | 1 | 4 |
_aCultivos _xPlagas. _930305 |
| 650 | 1 | 4 |
_aFlores _xEnfermedades. _941375 |
| 650 | 1 | 4 |
_aFlores _xPlagas. _941398 |
| 700 | 0 |
_aLeidieu, Michael. _965894 |
|
| 901 | _aBK | ||
| 942 | _cLIBRO | ||
| 949 |
_a632.9 S2 1983 _bBC _cLIBRO _d33724000184586 _eLIBRO _h68104 _i60677 _si |
||
| 949 |
_a632.9 S2 1983 _bBC _cLIBRO _d33724000184594 _eLIBRO _fc.2 _h68105 _i60677 _si |
||
| 949 |
_a632.9 S2 1983 _bBC _cLIBRO _d33724000184602 _eLIBRO _fc.3 _h68106 _i60677 _si |
||
| 999 |
_c55552 _d55552 |
||